The Cement Industry in Japan 1970

Wedi'i Gadw mewn:
Manylion Llyfryddiaeth
Awdur Corfforaethol: Japan Cement Exporters Association
Fformat: Llyfr
Iaith:Undetermined
Cyhoeddwyd: Tokyo The Cement Association of Japan 1970
Pynciau:
Tagiau: Ychwanegu Tag
Dim Tagiau, Byddwch y cyntaf i dagio'r cofnod hwn!
Thư viện lưu trữ: Trung tâm Học liệu Trường Đại học Cần Thơ
LEADER 00526nam a2200181Ia 4500
001 CTU_98881
008 210402s9999 xx 000 0 und d
082 |a 338.4 
082 |b J35 
110 |a Japan Cement Exporters Association 
245 4 |a The Cement Industry in Japan 1970 
245 0 |c Japan Cement Exporters Association 
260 |a Tokyo 
260 |b The Cement Association of Japan 
260 |c 1970 
650 |a Cement industry 
904 |i Hiếu 
980 |a Trung tâm Học liệu Trường Đại học Cần Thơ